000 00299nam a22001337a 4500
020 _a0572008333
082 _a332.75 DEE
100 _aDeeson A. F. L.
245 _aGreat Company Crashes
260 _aLondon
_bW. Foulsham
_c1972
300 _a163p.
_b21cm.
500 _aInclude Index
942 _cBK
999 _c15448
_d15448